Catálogo
 En Linea

Homenaje del nuevo ayuntamiento del Distrito Nacional al procer Manuel Rodríguez Objio. (Registro nro. 31420)

Detalles MARC
000 -CABECERA
campo de control de longitud fija 00524nam a2200145 a 4500
001 - NÚMERO DE CONTROL
campo de control 000031929
005 - FECHA Y HORA DE LA ÚLTIMA TRANSACCIÓN
campo de control 20230519124858.0
008 - DATOS DE LONGITUD FIJA--INFORMACIÓN GENERAL
campo de control de longitud fija 110707s1971 dr ac 000 0 spa d
040 ## - FUENTE DE LA CATALOGACIÓN
Centro catalogador/agencia de origen DO-SdBNP
Lengua de catalogación spa
Centro/agencia transcriptor BNPHU
040 ## - FUENTE DE LA CATALOGACIÓN
Centro catalogador/agencia de origen DO-SdBNP
100 1# - ENTRADA PRINCIPAL--NOMBRE DE PERSONA
Nombre de persona Jiméne Rodríguez, M. A.
9 (RLIN) 58104
245 10 - MENCIÓN DE TÍTULO
Título Homenaje del nuevo ayuntamiento del Distrito Nacional al procer Manuel Rodríguez Objio.
260 ## - PUBLICACIÓN, DISTRIBUCIÓN, ETC.
Lugar de publicación, distribución, etc. Santo Domingo :
Nombre del editor, distribuidor, etc. [Ayuntamiento del Distrito Nacional ],
Fecha de publicación, distribución, etc. 1971.
300 ## - DESCRIPCIÓN FÍSICA
Extensión 1 v. Con varias paginaciones :
Otras características físicas il., retrs. ;
Dimensiones 30 cm.
Existencias
Estado de retiro Estado de pérdida No para préstamo Código de colección Localización permanente Ubicación/localización actual Ubicación en estantería Fecha de adquisición Número de inventario Total de préstamos Signatura topográfica completa Código de barras Fecha visto por última vez Precio válido a partir de Tipo de ítem Koha
      Patrimonio Dominicano Patrimonio Dominicano Patrimonio Dominicano Orden iniciada 07.07.2011 LF1   31929-10 25.06.2020 25.06.2020 Libro y Folleto Colección Patrimonio Dominicano

Con tecnología Koha